000
00230nam a2200097Ia 4500
001
641759
005
20250826153513.0
008
250824s9999 xx 000 0 und d
245
0
_a
CANAVARIN ÇAĞRISI
_c
PATRICK NESS
260
_b
TUDEM
999
_c
641759
_d
641759